00490 2200169 4500245006500000020002200065250001100087100002500098650002100123650001000144005001900154260009700173041001400270084000800284300001900292336000900311 aJelajah Literasi (di) Pulau BurucRaudal Tanjung BanuahText a978-602-437-544-7 aCet. 1 aRaudal Tanjung Banua aSastra Indonesia aEbook a20241105090003 aJakartabBadan Pengembangan dan Pembinaan Bahasa Kementerian Pendidikan dan Kebudayaanc2018 aIndonesia a813 a219 Hlm :cPDF atext